000 00313nam a22001337a 4500
003 SGT
020 _a9789390142248
082 _a370,SAI
100 _aSAINI, RAVINDER
245 _aINTRODUCTION TO DISABILITY
260 _aNEW DELHI
_bRENOVA INTERNATIONAL PUBLICATIONS
_c2024
300 _a162
942 _2ddc
_cBK
999 _c30671
_d30671